| 000 | 00338nam a2200121Ia 4500 | ||
|---|---|---|---|
| 008 | 220204s9999 xx 000 0 und d | ||
| 082 |
_a635.054(213.5)+630 _bHAL |
||
| 100 | _aHALLE, F | ||
| 245 | 0 | _aTropical trees and forests: An architectural analysis. | |
| 260 |
_aNew York _bSpringer _c1978 |
||
| 650 | _aTree architecture | ||
| 942 | _cBK | ||
| 999 |
_c36264 _d36264 |
||